[Event "DVM U12 2018"]
[Site "Magdeburg GER"]
[Date "2018.12.30"]
[Round "7"]
[White "Laux, Dominik"]
[Black "Nitsche, Nikolai"]
[Result "0-1"]
[Termination "normal"]
[Board "4.1"]
[WhiteElo "2058"]
[BlackElo "1695"]
[WhiteClock "00:40:01"]
[BlackClock "01:22:14"]
[WhiteTeam "VSG 1880 Offenbach"]
[BlackTeam "SV Empor Berlin"]
[PlyCount "56"]
[WhiteFideId "12994219"]
[BlackFideId "16221036"]
[EventCountry "GER"]
[EventRounds "7"]
[EventType "team-swiss"]
[EventDate "2018.12.26"]

1. d4 {[%clk 1:30:29]} d5 {[%clk 1:30:53]} 2. c4 {[%clk 1:30:27]} e6 {[%clk
1:31:09]} 3. Nc3 {[%clk 1:30:41]} c6 {[%clk 1:31:35]} 4. e3 {[%clk 1:30:47]}
Nf6 {[%clk 1:31:58]} 5. Nf3 {[%clk 1:30:42]} Nbd7 {[%clk 1:32:17]} 6. Qc2
{[%clk 1:30:05]} Be7 {[%clk 1:32:21]} 7. b3 {[%clk 1:28:08]} O-O {[%clk
1:32:25]} 8. Bd3 {[%clk 1:28:28]} dxc4 {[%clk 1:32:41]} 9. bxc4 {[%clk
1:28:23]} c5 {[%clk 1:32:59]} 10. O-O {[%clk 1:26:24]} b6 {[%clk 1:32:53]} 11.
d5 {[%clk 1:23:19]} exd5 {[%clk 1:29:56]} 12. cxd5 {[%clk 1:22:02]} a6 {[%clk
1:29:36]} 13. a4 {[%clk 1:21:06]} Qc7 {[%clk 1:29:44]} 14. Qb3 {[%clk 1:18:16]}
Ng4 {[%clk 1:29:00]} 15. Be2 {[%clk 1:14:29]} Nge5 {[%clk 1:28:22]} 16. Nxe5
{[%clk 1:13:35]} Nxe5 {[%clk 1:27:55]} 17. f4 {[%clk 1:11:16]} c4 {[%clk
1:27:54]} 18. Qc2 {[%clk 1:06:16]} Nd3 {[%clk 1:21:36]} 19. Bxd3 {[%clk
1:04:11]} cxd3 {[%clk 1:21:33]} 20. Qxd3 {[%clk 1:04:24]} Bf5 {[%clk 1:21:58]}
21. Qxf5 {[%clk 0:51:16]} Qxc3 {[%clk 1:22:22]} 22. Qe5 {[%clk 0:49:45]} Bf6
{[%clk 1:22:47]} 23. Qxc3 {[%clk 0:49:48]} Bxc3 {[%clk 1:23:09]} 24. Ra3 {[%clk
0:49:31]} Rac8 {[%clk 1:23:03]} 25. Rb3 {[%clk 0:48:40]} Ba5 {[%clk 1:22:20]}
26. Rd1 {[%clk 0:44:28]} Rfd8 {[%clk 1:21:52]} 27. Bd2 {[%clk 0:40:39]} Rxd5
{[%clk 1:21:56]} 28. Rb2 {[%clk 0:40:01]} Rcd8 {[%clk 1:22:14]} 0-1

[Event "DVM U12 2018"]
[Site "Magdeburg GER"]
[Date "2018.12.30"]
[Round "7"]
[White "Freude, Max"]
[Black "Werner, Rosalie"]
[Result "1/2-1/2"]
[Termination "normal"]
[Board "4.2"]
[WhiteElo "1440"]
[BlackElo "1572"]
[WhiteClock "00:29:14"]
[BlackClock "00:58:11"]
[WhiteTeam "SV Empor Berlin"]
[BlackTeam "VSG 1880 Offenbach"]
[PlyCount "43"]
[WhiteFideId "16236157"]
[BlackFideId "16223748"]
[EventCountry "GER"]
[EventRounds "7"]
[EventType "team-swiss"]
[EventDate "2018.12.26"]

1. b3 {[%clk 1:30:54]} d5 {[%clk 1:30:56]} 2. Bb2 {[%clk 1:31:18]} Nf6 {[%clk
1:31:19]} 3. e3 {[%clk 1:28:40]} Bf5 {[%clk 1:31:41]} 4. Nf3 {[%clk 1:27:34]}
e6 {[%clk 1:31:57]} 5. Be2 {[%clk 1:26:55]} c5 {[%clk 1:29:06]} 6. d4 {[%clk
1:24:53]} Be7 {[%clk 1:22:15]} 7. Nbd2 {[%clk 1:22:17]} O-O {[%clk 1:22:11]} 8.
O-O {[%clk 1:22:27]} Nbd7 {[%clk 1:20:47]} 9. c4 {[%clk 1:17:55]} cxd4 {[%clk
1:20:08]} 10. Nxd4 {[%clk 1:15:46]} Bg6 {[%clk 1:20:26]} 11. N4f3 {[%clk
1:10:26]} h6 {[%clk 1:13:22]} 12. Re1 {[%clk 1:00:11]} Rc8 {[%clk 1:11:21]} 13.
a3 {[%clk 0:51:06]} dxc4 {[%clk 1:09:14]} 14. Bxc4 {[%clk 0:43:59]} Nb6 {[%clk
1:09:24]} 15. Rc1 {[%clk 0:43:15]} Bd3 {[%clk 1:07:20]} 16. Bxd3 {[%clk
0:38:44]} Qxd3 {[%clk 1:07:33]} 17. Nf1 {[%clk 0:38:15]} Qb5 {[%clk 1:07:00]}
18. Nd4 {[%clk 0:37:05]} Qd7 {[%clk 1:06:02]} 19. Qf3 {[%clk 0:35:36]} Rfd8
{[%clk 1:00:17]} 20. Red1 {[%clk 0:33:23]} Rxc1 {[%clk 1:00:05]} 21. Rxc1
{[%clk 0:33:01]} a6 {[%clk 0:58:11]} 22. h3 {[%clk 0:29:14]} 1/2-1/2

[Event "DVM U12 2018"]
[Site "Magdeburg GER"]
[Date "2018.12.30"]
[Round "7"]
[White "Dixon, Laura Michaela"]
[Black "Monninkhoff, Yari"]
[Result "0-1"]
[Termination "normal"]
[Board "4.3"]
[WhiteElo "1481"]
[BlackElo "1207"]
[WhiteClock "00:14:53"]
[BlackClock "00:27:03"]
[WhiteTeam "VSG 1880 Offenbach"]
[BlackTeam "SV Empor Berlin"]
[PlyCount "112"]
[WhiteFideId "16248708"]
[BlackFideId "16236149"]
[EventCountry "GER"]
[EventRounds "7"]
[EventType "team-swiss"]
[EventDate "2018.12.26"]

1. e4 {[%clk 1:30:51]} e5 {[%clk 1:30:46]} 2. Nf3 {[%clk 1:31:15]} Nc6 {[%clk
1:30:58]} 3. Bc4 {[%clk 1:31:28]} Bc5 {[%clk 1:31:18]} 4. c3 {[%clk 1:31:51]}
Nf6 {[%clk 1:31:29]} 5. d4 {[%clk 1:32:14]} exd4 {[%clk 1:31:48]} 6. e5 {[%clk
1:32:37]} d5 {[%clk 1:31:32]} 7. Bb5 {[%clk 1:32:57]} Ne4 {[%clk 1:31:33]} 8.
cxd4 {[%clk 1:33:05]} Bb6 {[%clk 1:31:55]} 9. Nc3 {[%clk 1:27:36]} Nxc3 {[%clk
1:30:27]} 10. bxc3 {[%clk 1:27:51]} Bg4 {[%clk 1:27:46]} 11. Ba3 {[%clk
1:16:26]} a6 {[%clk 1:24:10]} 12. Bxc6+ {[%clk 1:14:49]} bxc6 {[%clk 1:24:14]}
13. O-O {[%clk 1:12:15]} Qd7 {[%clk 1:22:01]} 14. Re1 {[%clk 1:03:02]} O-O-O
{[%clk 1:12:53]} 15. Rb1 {[%clk 1:00:46]} Kb7 {[%clk 1:06:45]} 16. Rb2 {[%clk
0:55:08]} Ka7 {[%clk 1:03:40]} 17. Qd3 {[%clk 0:47:58]} Rb8 {[%clk 1:01:49]}
18. Rb3 {[%clk 0:45:07]} h6 {[%clk 1:00:15]} 19. Re2 {[%clk 0:43:48]} Qf5
{[%clk 0:54:34]} 20. Qxf5 {[%clk 0:42:36]} Bxf5 {[%clk 0:54:41]} 21. Reb2
{[%clk 0:42:50]} Bd3 {[%clk 0:53:09]} 22. Nd2 {[%clk 0:41:14]} Rhe8 {[%clk
0:49:47]} 23. f4 {[%clk 0:39:52]} f6 {[%clk 0:39:47]} 24. Bc5 {[%clk 0:37:07]}
Bxc5 {[%clk 0:34:57]} 25. Rxb8 {[%clk 0:32:10]} Bxd4+ {[%clk 0:34:15]} 26. cxd4
{[%clk 0:32:26]} Rxb8 {[%clk 0:34:29]} 27. Rxb8 {[%clk 0:31:32]} Kxb8 {[%clk
0:34:58]} 28. Kf2 {[%clk 0:29:28]} Kc8 {[%clk 0:35:02]} 29. g4 {[%clk 0:27:59]}
fxe5 {[%clk 0:30:46]} 30. fxe5 {[%clk 0:24:57]} Bc2 {[%clk 0:28:16]} 31. Nf3
{[%clk 0:22:37]} Kd7 {[%clk 0:27:33]} 32. h4 {[%clk 0:19:32]} Ke6 {[%clk
0:23:34]} 33. Ke3 {[%clk 0:18:05]} Bd1 {[%clk 0:22:34]} 34. h5 {[%clk 0:12:36]}
Bxf3 {[%clk 0:21:37]} 35. Kxf3 {[%clk 0:12:58]} c5 {[%clk 0:21:54]} 36. Ke3
{[%clk 0:12:28]} cxd4+ {[%clk 0:22:06]} 37. Kxd4 {[%clk 0:12:47]} c5+ {[%clk
0:22:24]} 38. Kxc5 Kxe5 {[%clk 0:22:44]} 39. a4 {[%clk 0:12:06]} d4 {[%clk
0:22:53]} 40. a5 {[%clk 0:12:21]} d3 {[%clk 0:23:11]} 41. Kb6 {[%clk 0:12:35]}
d2 {[%clk 0:23:32]} 42. Kxa6 {[%clk 0:12:54]} d1=Q {[%clk 0:23:49]} 43. Kb7
{[%clk 0:12:56]} Qd5+ {[%clk 0:23:46]} 44. Kb6 {[%clk 0:13:17]} Qd8+ {[%clk
0:23:54]} 45. Kb5 {[%clk 0:12:59]} Kf4 {[%clk 0:24:03]} 46. a6 {[%clk 0:13:05]}
Qa8 {[%clk 0:24:19]} 47. Kb6 {[%clk 0:13:19]} Kxg4 {[%clk 0:24:37]} 48. a7
{[%clk 0:13:36]} Kxh5 {[%clk 0:24:58]} 49. Ka6 {[%clk 0:13:49]} g5 {[%clk
0:25:19]} 50. Kb6 {[%clk 0:13:59]} g4 {[%clk 0:25:38]} 51. Ka6 {[%clk 0:14:13]}
g3 {[%clk 0:25:59]} 52. Kb6 {[%clk 0:14:36]} g2 {[%clk 0:26:24]} 53. Ka6 {[%clk
0:14:57]} g1=Q {[%clk 0:26:40]} 54. Kb5 {[%clk 0:14:53]} Qaxa7 {[%clk 0:26:55]}
55. Kc4 {[%clk 0:14:55]} Qac5+ {[%clk 0:27:03]} 56. Kd3 {[%clk 0:14:53]} Qge3#
0-1

[Event "DVM U12 2018"]
[Site "Magdeburg GER"]
[Date "2018.12.30"]
[Round "7"]
[White "Ellert, Stefan"]
[Black "Hentschker, Josefin"]
[Result "0-1"]
[Termination "normal"]
[Board "4.4"]
[WhiteElo "1464"]
[BlackElo "1216"]
[WhiteClock "01:04:17"]
[BlackClock "01:16:21"]
[WhiteTeam "SV Empor Berlin"]
[BlackTeam "VSG 1880 Offenbach"]
[PlyCount "106"]
[WhiteFideId "16235029"]
[BlackFideId "16255810"]
[EventCountry "GER"]
[EventRounds "7"]
[EventType "team-swiss"]
[EventDate "2018.12.26"]

1. e4 {[%clk 1:30:28]} e5 {[%clk 1:30:54]} 2. Nf3 {[%clk 1:30:55]} Nc6 {[%clk
1:31:18]} 3. Bc4 {[%clk 1:31:14]} Bc5 {[%clk 1:31:24]} 4. c3 {[%clk 1:31:33]}
d6 {[%clk 1:31:23]} 5. d3 {[%clk 1:31:28]} Be6 {[%clk 1:31:24]} 6. Bb5 {[%clk
1:31:38]} Bb6 {[%clk 1:29:51]} 7. Nbd2 {[%clk 1:31:03]} Nge7 {[%clk 1:29:51]}
8. Nf1 {[%clk 1:30:51]} a6 {[%clk 1:28:52]} 9. Ba4 {[%clk 1:31:11]} O-O {[%clk
1:27:53]} 10. Ng3 {[%clk 1:31:30]} Bg4 {[%clk 1:28:04]} 11. h3 {[%clk 1:31:28]}
Be6 {[%clk 1:28:11]} 12. O-O {[%clk 1:30:35]} h6 {[%clk 1:26:41]} 13. Be3
{[%clk 1:29:46]} f5 {[%clk 1:22:28]} 14. exf5 {[%clk 1:28:29]} Nxf5 {[%clk
1:22:46]} 15. Nxf5 {[%clk 1:28:14]} Bxf5 {[%clk 1:22:56]} 16. Bxb6 {[%clk
1:28:03]} cxb6 {[%clk 1:22:59]} 17. Bb3+ {[%clk 1:28:15]} Kh8 {[%clk 1:22:55]}
18. Re1 {[%clk 1:26:46]} Qf6 {[%clk 1:23:04]} 19. Qd2 {[%clk 1:25:55]} Bxh3
{[%clk 1:23:17]} 20. Nxe5 {[%clk 1:19:15]} Nxe5 {[%clk 1:23:05]} 21. Rxe5
{[%clk 1:18:42]} Qxe5 {[%clk 1:22:39]} 22. gxh3 {[%clk 1:18:11]} Qf5 {[%clk
1:22:40]} 23. Kg2 {[%clk 1:17:34]} Qf3+ {[%clk 1:23:05]} 24. Kg1 {[%clk
1:16:54]} Qxh3 {[%clk 1:23:20]} 25. Qe3 {[%clk 1:14:52]} Qxe3 {[%clk 1:23:22]}
26. fxe3 {[%clk 1:15:15]} Rae8 {[%clk 1:23:47]} 27. e4 {[%clk 1:15:31]} g5
{[%clk 1:22:53]} 28. Kg2 {[%clk 1:15:45]} Rf6 {[%clk 1:22:49]} 29. Bd5 {[%clk
1:15:58]} Ref8 {[%clk 1:22:37]} 30. Bxb7 {[%clk 1:12:14]} a5 {[%clk 1:21:39]}
31. Rb1 {[%clk 1:11:39]} h5 {[%clk 1:21:56]} 32. d4 {[%clk 1:11:01]} Kg7 {[%clk
1:20:31]} 33. a4 {[%clk 1:10:35]} Kh6 {[%clk 1:20:33]} 34. b4 {[%clk 1:10:11]}
Rf2+ {[%clk 1:19:57]} 35. Kg1 {[%clk 1:10:26]} axb4 {[%clk 1:19:19]} 36. cxb4
{[%clk 1:10:15]} h4 {[%clk 1:19:45]} 37. a5 {[%clk 1:10:20]} bxa5 {[%clk
1:18:48]} 38. bxa5 {[%clk 1:10:39]} h3 {[%clk 1:18:58]} 39. a6 {[%clk 1:10:23]}
Ra2 {[%clk 1:19:19]} 40. Bd5 {[%clk 1:09:58]} Rxa6 {[%clk 1:18:55]} 41. Kh2
{[%clk 1:10:19]} g4 {[%clk 1:19:12]} 42. Be6 {[%clk 1:07:33]} Kg5 {[%clk
1:19:28]} 43. Bf5 {[%clk 1:07:38]} Kh4 {[%clk 1:18:29]} 44. Rg1 {[%clk
1:07:01]} Ra2+ {[%clk 1:18:52]} 45. Kh1 {[%clk 1:06:46]} g3 {[%clk 1:18:35]}
46. Re1 {[%clk 1:04:38]} Rg8 {[%clk 1:15:54]} 47. Bxh3 {[%clk 1:03:43]} Rh2+
{[%clk 1:15:03]} 48. Kg1 {[%clk 1:03:45]} Rxh3 {[%clk 1:15:19]} 49. e5 {[%clk
1:04:03]} g2 {[%clk 1:15:27]} 50. Re4+ {[%clk 1:03:37]} Kh5 {[%clk 1:15:43]}
51. e6 {[%clk 1:03:38]} Rh1+ {[%clk 1:16:08]} 52. Kf2 {[%clk 1:03:56]} g1=Q+
{[%clk 1:16:31]} 53. Ke2 {[%clk 1:04:17]} Rh3 {[%clk 1:16:21]} 0-1

[Event "DVM U12 2018"]
[Site "Magdeburg GER"]
[Date "2018.12.30"]
[Round "7"]
[White "Bolz, Jannis"]
[Black "Schwartz, Oliver"]
[Result "0-1"]
[Termination "normal"]
[Board "5.1"]
[WhiteElo "1447"]
[BlackElo "1603"]
[WhiteClock "00:17:43"]
[BlackClock "00:45:09"]
[WhiteTeam "DJK Aufwärts St. Josef Aachen"]
[BlackTeam "SC Ostfildern"]
[PlyCount "70"]
[WhiteFideId "16214897"]
[BlackFideId "16207459"]
[EventCountry "GER"]
[EventRounds "7"]
[EventType "team-swiss"]
[EventDate "2018.12.26"]

1. e4 {[%clk 1:30:51]} c5 {[%clk 1:30:55]} 2. Nf3 {[%clk 1:31:02]} Nc6 {[%clk
1:31:11]} 3. d4 {[%clk 1:31:24]} cxd4 {[%clk 1:31:35]} 4. Nxd4 {[%clk 1:31:48]}
Nf6 {[%clk 1:31:57]} 5. Nc3 {[%clk 1:31:40]} e5 {[%clk 1:31:59]} 6. Ndb5 {[%clk
1:31:33]} d6 {[%clk 1:32:15]} 7. Bg5 {[%clk 1:31:08]} a6 {[%clk 1:32:21]} 8.
Na3 {[%clk 1:29:27]} b5 {[%clk 1:32:27]} 9. Nd5 {[%clk 1:29:06]} Be7 {[%clk
1:32:49]} 10. Bxf6 {[%clk 1:28:45]} Bxf6 {[%clk 1:33:07]} 11. c4 {[%clk
1:27:38]} b4 {[%clk 1:33:28]} 12. Nc2 {[%clk 1:28:00]} O-O {[%clk 1:33:44]} 13.
Ncxb4 {[%clk 1:22:24]} Nxb4 {[%clk 1:34:03]} 14. Nxb4 {[%clk 1:18:48]} Qb6
{[%clk 1:34:29]} 15. Nd3 {[%clk 1:04:35]} Qc6 {[%clk 1:34:13]} 16. Be2 {[%clk
1:04:18]} Qxe4 {[%clk 1:34:21]} 17. O-O {[%clk 1:04:22]} Qg6 {[%clk 1:29:43]}
18. Bh5 {[%clk 1:00:14]} Qh6 {[%clk 1:26:47]} 19. Bf3 {[%clk 1:00:08]} Rb8
{[%clk 1:25:52]} 20. Qa4 {[%clk 1:00:00]} Bf5 {[%clk 1:23:38]} 21. Nb4 {[%clk
0:57:16]} e4 {[%clk 1:17:27]} 22. Bd1 {[%clk 0:57:19]} Be5 {[%clk 1:17:11]} 23.
g3 {[%clk 0:57:04]} e3 {[%clk 1:14:23]} 24. Nc6 {[%clk 0:56:30]} Rbe8 {[%clk
0:54:38]} 25. Nxe5 {[%clk 0:56:01]} Rxe5 {[%clk 0:54:04]} 26. Bf3 {[%clk
0:53:17]} Bh3 {[%clk 0:52:02]} 27. Bg2 {[%clk 0:51:08]} Rh5 {[%clk 0:52:04]}
28. Qc6 {[%clk 0:45:14]} f5 {[%clk 0:50:30]} 29. Qf3 {[%clk 0:39:56]} Bxg2
{[%clk 0:48:22]} 30. Qxg2 {[%clk 0:39:50]} e2 {[%clk 0:47:36]} 31. Rfe1 {[%clk
0:40:00]} f4 {[%clk 0:48:00]} 32. g4 {[%clk 0:27:17]} f3 {[%clk 0:47:03]} 33.
Qh1 {[%clk 0:19:22]} Rh3 {[%clk 0:45:28]} 34. Rxe2 {[%clk 0:17:58]} fxe2 {[%clk
0:45:04]} 35. Re1 {[%clk 0:17:43]} Rhf3 {[%clk 0:45:09]} 0-1

[Event "DVM U12 2018"]
[Site "Magdeburg GER"]
[Date "2018.12.30"]
[Round "7"]
[White "Chugunov, Ivan"]
[Black "Baltic, Sara"]
[Result "0-1"]
[Termination "normal"]
[Board "5.2"]
[WhiteElo "1359"]
[BlackElo "1529"]
[WhiteClock "01:19:28"]
[BlackClock "00:08:59"]
[WhiteTeam "SC Ostfildern"]
[BlackTeam "DJK Aufwärts St. Josef Aachen"]
[PlyCount "168"]
[WhiteFideId "16256808"]
[BlackFideId "16210409"]
[EventCountry "GER"]
[EventRounds "7"]
[EventType "team-swiss"]
[EventDate "2018.12.26"]

1. e4 {[%clk 1:30:57]} e6 {[%clk 1:30:56]} 2. d4 {[%clk 1:31:22]} d5 {[%clk
1:31:20]} 3. Nc3 {[%clk 1:31:44]} dxe4 {[%clk 1:31:46]} 4. Nxe4 {[%clk
1:32:06]} Bd7 {[%clk 1:32:09]} 5. Bd3 {[%clk 1:32:22]} Bc6 {[%clk 1:32:28]} 6.
c3 {[%clk 1:32:16]} Nd7 {[%clk 1:32:26]} 7. Nf3 {[%clk 1:32:22]} Be7 {[%clk
1:32:03]} 8. Bd2 {[%clk 1:31:20]} Ngf6 {[%clk 1:31:47]} 9. Ng3 {[%clk 1:28:15]}
Bd6 {[%clk 1:24:45]} 10. Qc2 {[%clk 1:26:27]} O-O {[%clk 1:19:34]} 11. O-O-O
{[%clk 1:26:28]} Rb8 {[%clk 1:15:36]} 12. Ne2 {[%clk 1:25:02]} Re8 {[%clk
1:08:01]} 13. h4 {[%clk 1:20:33]} b6 {[%clk 1:01:53]} 14. h5 {[%clk 1:13:00]}
Bb7 {[%clk 0:57:02]} 15. h6 {[%clk 1:12:03]} g6 {[%clk 0:53:50]} 16. Nf4 {[%clk
1:12:01]} Nf8 {[%clk 0:51:53]} 17. Rde1 {[%clk 1:10:06]} Ng4 {[%clk 0:41:09]}
18. Re2 {[%clk 1:09:41]} e5 {[%clk 0:34:34]} 19. dxe5 {[%clk 1:09:42]} Nxe5
{[%clk 0:34:09]} 20. Nxe5 {[%clk 1:04:35]} Bxe5 {[%clk 0:32:22]} 21. Rhe1
{[%clk 1:02:25]} Qd6 {[%clk 0:29:29]} 22. f3 {[%clk 0:52:46]} Bc6 {[%clk
0:21:49]} 23. Nh3 {[%clk 0:52:27]} Bf6 {[%clk 0:20:55]} 24. Rxe8 {[%clk
0:52:12]} Rxe8 {[%clk 0:21:12]} 25. Rxe8 {[%clk 0:52:37]} Bxe8 {[%clk 0:21:33]}
26. Nf2 Bc6 {[%clk 0:20:09]} 27. Ne4 {[%clk 0:53:07]} Bxe4 {[%clk 0:20:17]} 28.
Bxe4 {[%clk 0:53:17]} Ne6 {[%clk 0:19:59]} 29. Qd3 {[%clk 0:53:31]} Qxd3 {[%clk
0:19:32]} 30. Bxd3 {[%clk 0:53:48]} Nc5 {[%clk 0:18:36]} 31. Bb5 {[%clk
0:50:34]} a6 {[%clk 0:15:18]} 32. Bc6 {[%clk 0:50:19]} Nd3+ {[%clk 0:14:51]}
33. Kc2 {[%clk 0:49:11]} Ne5 {[%clk 0:14:50]} 34. Bb7 {[%clk 0:49:03]} a5
{[%clk 0:14:17]} 35. b4 {[%clk 0:49:14]} Nc4 {[%clk 0:11:08]} 36. bxa5 {[%clk
0:48:40]} Nxa5 {[%clk 0:10:40]} 37. Be4 {[%clk 0:48:40]} Nc4 {[%clk 0:10:22]}
38. Bf4 {[%clk 0:48:50]} Be5 {[%clk 0:07:41]} 39. Bxe5 {[%clk 0:44:30]} Nxe5
{[%clk 0:05:52]} 40. Kb3 {[%clk 0:44:50]} Kf8 {[%clk 0:04:46]} 41. Kb4 {[%clk
0:43:41]} f5 {[%clk 0:02:56]} 42. Bd5 {[%clk 0:43:40]} c6 {[%clk 0:29:40]} 43.
Be6 {[%clk 1:13:54]} Nd3+ {[%clk 0:29:37]} 44. Kc4 {[%clk 1:13:50]} Nc5 {[%clk
0:27:26]} 45. Bc8 {[%clk 1:10:50]} Ke7 {[%clk 0:25:25]} 46. g4 {[%clk 1:10:57]}
f4 {[%clk 0:20:39]} 47. g5 {[%clk 1:10:59]} Ne6 {[%clk 0:16:23]} 48. Bb7 {[%clk
1:08:31]} Kd7 {[%clk 0:15:20]} 49. Kd3 {[%clk 1:08:34]} Nc5+ {[%clk 0:15:36]}
50. Kd4 {[%clk 1:08:57]} Nxb7 {[%clk 0:15:36]} 51. Ke5 {[%clk 1:09:21]} Ke7
{[%clk 0:15:31]} 52. Kxf4 {[%clk 1:09:45]} Ke6 {[%clk 0:15:44]} 53. Kg4 {[%clk
1:09:55]} Nd6 {[%clk 0:15:29]} 54. f4 {[%clk 1:10:12]} Nf5 {[%clk 0:15:33]} 55.
a4 {[%clk 1:10:32]} Kd5 {[%clk 0:15:26]} 56. Kf3 {[%clk 1:10:47]} c5 {[%clk
0:14:32]} 57. Ke2 {[%clk 1:11:10]} Kc4 {[%clk 0:14:16]} 58. Kd2 {[%clk
1:11:20]} Kb3 {[%clk 0:11:51]} 59. Kd3 {[%clk 1:11:32]} Nd6 {[%clk 0:11:01]}
60. f5 {[%clk 1:11:32]} c4+ {[%clk 0:08:57]} 61. Kd4 {[%clk 1:11:51]} Nxf5+
{[%clk 0:07:41]} 62. Ke5 {[%clk 1:12:13]} Kxc3 {[%clk 0:07:44]} 63. Kf6 {[%clk
1:12:38]} Kd4 {[%clk 0:07:23]} 64. Kf7 {[%clk 1:13:00]} c3 {[%clk 0:07:33]} 65.
Kg8 {[%clk 1:13:26]} c2 {[%clk 0:07:55]} 66. Kxh7 {[%clk 1:13:52]} c1=Q {[%clk
0:08:01]} 67. Kxg6 {[%clk 1:14:18]} Ne7+ {[%clk 0:06:51]} 68. Kf6 {[%clk
1:14:24]} Qf4+ {[%clk 0:06:12]} 69. Kxe7 {[%clk 1:14:32]} Qxg5+ {[%clk
0:06:31]} 70. Kd7 {[%clk 1:14:55]} Qxh6 {[%clk 0:06:58]} 71. Kc7 {[%clk
1:15:17]} Kc5 {[%clk 0:07:06]} 72. Kb7 {[%clk 1:15:34]} Qc6+ {[%clk 0:07:22]}
73. Kb8 {[%clk 1:15:36]} Kb4 {[%clk 0:07:32]} 74. a5 {[%clk 1:15:50]} Kxa5
{[%clk 0:06:45]} 75. Ka7 {[%clk 1:16:14]} b5 {[%clk 0:06:38]} 76. Kb8 {[%clk
1:16:36]} b4 {[%clk 0:06:56]} 77. Ka7 {[%clk 1:17:01]} Kb5 {[%clk 0:07:04]} 78.
Kb8 {[%clk 1:17:23]} b3 {[%clk 0:07:23]} 79. Ka7 {[%clk 1:17:43]} Qc7+ {[%clk
0:07:49]} 80. Ka8 {[%clk 1:18:05]} Qc6+ {[%clk 0:07:26]} 81. Ka7 {[%clk
1:18:27]} b2 {[%clk 0:07:50]} 82. Kb8 {[%clk 1:18:46]} b1=Q {[%clk 0:08:04]}
83. Ka7 {[%clk 1:19:06]} Qa2+ {[%clk 0:08:31]} 84. Kb8 {[%clk 1:19:28]} Qaa8#
{[%clk 0:08:59]} 0-1

[Event "DVM U12 2018"]
[Site "Magdeburg GER"]
[Date "2018.12.30"]
[Round "7"]
[White "Aravindan, Midhulan"]
[Black "Walter, Romeo"]
[Result "1/2-1/2"]
[Termination "normal"]
[Board "5.3"]
[WhiteElo "1511"]
[BlackElo "1268"]
[WhiteClock "00:27:40"]
[BlackClock "00:26:00"]
[WhiteTeam "DJK Aufwärts St. Josef Aachen"]
[BlackTeam "SC Ostfildern"]
[PlyCount "89"]
[WhiteFideId "16237250"]
[BlackFideId "16275055"]
[EventCountry "GER"]
[EventRounds "7"]
[EventType "team-swiss"]
[EventDate "2018.12.26"]

1. e4 {[%clk 1:30:47]} e6 {[%clk 1:30:53]} 2. d4 {[%clk 1:31:12]} d5 {[%clk
1:31:15]} 3. exd5 {[%clk 1:31:32]} exd5 {[%clk 1:31:35]} 4. Nf3 {[%clk
1:31:55]} Bd6 {[%clk 1:31:43]} 5. Bd3 {[%clk 1:32:09]} Nc6 {[%clk 1:31:49]} 6.
c3 {[%clk 1:32:21]} Nf6 {[%clk 1:31:19]} 7. O-O {[%clk 1:32:07]} O-O {[%clk
1:30:45]} 8. Re1 {[%clk 1:30:55]} Bg4 {[%clk 1:29:58]} 9. h3 {[%clk 1:29:46]}
Bh5 {[%clk 1:29:55]} 10. Be3 {[%clk 1:28:50]} Qd7 {[%clk 1:29:28]} 11. Nbd2
{[%clk 1:27:33]} Bg6 {[%clk 1:28:02]} 12. Qc2 {[%clk 1:26:34]} Rae8 {[%clk
1:24:42]} 13. a3 {[%clk 1:20:55]} a6 {[%clk 1:23:31]} 14. Bg5 {[%clk 1:13:43]}
Nh5 {[%clk 1:19:00]} 15. Nh4 {[%clk 1:03:49]} Bxd3 {[%clk 1:11:33]} 16. Qxd3
{[%clk 1:03:02]} f6 {[%clk 1:09:10]} 17. Be3 {[%clk 1:02:26]} Nf4 {[%clk
1:04:05]} 18. Bxf4 {[%clk 1:01:12]} Bxf4 {[%clk 1:04:06]} 19. Nhf3 {[%clk
1:01:30]} Bxd2 {[%clk 1:01:26]} 20. Qxd2 {[%clk 1:01:37]} Na5 {[%clk 1:01:13]}
21. Qc2 {[%clk 0:54:59]} Nc4 {[%clk 0:55:01]} 22. b3 {[%clk 0:51:13]} Rxe1+
{[%clk 0:54:17]} 23. Nxe1 {[%clk 0:50:59]} Nd6 {[%clk 0:51:09]} 24. f3 {[%clk
0:47:16]} Qf5 {[%clk 0:41:55]} 25. Qxf5 {[%clk 0:47:16]} Nxf5 {[%clk 0:40:44]}
26. Kf2 {[%clk 0:46:50]} Re8 {[%clk 0:40:28]} 27. Nc2 {[%clk 0:45:23]} c6
{[%clk 0:38:44]} 28. Re1 {[%clk 0:43:53]} Rxe1 {[%clk 0:39:02]} 29. Nxe1 {[%clk
0:44:04]} Kf7 {[%clk 0:38:47]} 30. Nd3 {[%clk 0:44:08]} Ke7 {[%clk 0:36:35]}
31. Nc5 {[%clk 0:43:36]} Nd6 {[%clk 0:36:48]} 32. a4 {[%clk 0:43:43]} g6 {[%clk
0:36:17]} 33. g4 g5 {[%clk 0:35:58]} 34. Kg3 {[%clk 0:42:55]} Kf7 {[%clk
0:36:05]} 35. h4 {[%clk 0:43:16]} Kg6 {[%clk 0:35:45]} 36. h5+ {[%clk 0:43:44]}
Kf7 37. Kf2 {[%clk 0:41:33]} a5 {[%clk 0:33:20]} 38. Ke3 {[%clk 0:41:35]} Ke7
{[%clk 0:32:39]} 39. Nd3 {[%clk 0:38:29]} b6 {[%clk 0:30:45]} 40. Nf2 {[%clk
0:38:46]} b5 {[%clk 0:29:50]} 41. axb5 {[%clk 0:33:25]} cxb5 {[%clk 0:29:22]}
42. Nd3 {[%clk 0:30:34]} a4 {[%clk 0:26:16]} 43. bxa4 {[%clk 0:29:58]} bxa4
{[%clk 0:26:43]} 44. Nb4 {[%clk 0:30:08]} Ke6 {[%clk 0:26:00]} 45. Kd3 {[%clk
0:27:40]} 1/2-1/2